Loving the church--blessing the nations : (Record no. 1818)

MARC details
000 -LEADER
fixed length control field 00918cam a2200301 a 4500
001 - CONTROL NUMBER
control field 122266
003 - CONTROL NUMBER IDENTIFIER
control field GBCCL
005 - DATE AND TIME OF LATEST TRANSACTION
control field 20241126110410.0
008 - FIXED-LENGTH DATA ELEMENTS--GENERAL INFORMATION
fixed length control field 040308s2003 gaua b 000 0 eng d
020 ## - INTERNATIONAL STANDARD BOOK NUMBER
International Standard Book Number 1884543758
020 ## - INTERNATIONAL STANDARD BOOK NUMBER
International Standard Book Number 9781884543753
035 ## - SYSTEM CONTROL NUMBER
System control number (OCoLC)ocm54618161
035 ## - SYSTEM CONTROL NUMBER
System control number (OCoLC)54618161
040 ## - CATALOGING SOURCE
Original cataloging agency IDI
Transcribing agency IDI
Modifying agency OCLCQ
-- BAKER
-- CBC
-- LBB
049 ## -
-- LBBK
050 #4 -
-- BV2061.3
-- .M553 2003
082 04 - DEWEY DECIMAL CLASSIFICATION NUMBER
Classification number 266.001
Item number MIL
090 ## - LOCALLY ASSIGNED LC-TYPE CALL NUMBER (OCLC); LOCAL CALL NUMBER (RLIN)
Classification number (OCLC) (R) ; Classification number, CALL (RLIN) (NR) BV2061.3
Local cutter number (OCLC) ; Book number/undivided call number, CALL (RLIN) .M553 2003
100 1# - MAIN ENTRY--PERSONAL NAME
Personal name Miley, George.
9 (RLIN) 3781
245 10 - TITLE STATEMENT
Title Loving the church--blessing the nations :
Remainder of title Pursuing the role of local churches in global mission /
Statement of responsibility, etc. George Miley.
260 ## - PUBLICATION, DISTRIBUTION, ETC.
Place of publication, distribution, etc. Waynesboro, Ga. :
Name of publisher, distributor, etc. Gabriel publishing,
Date of publication, distribution, etc. c2003.
300 ## - PHYSICAL DESCRIPTION
Extent 221 p. :
Other physical details ill. ;
Dimensions 22 cm.
504 ## - BIBLIOGRAPHY, ETC. NOTE
Bibliography, etc. note Includes bibliographical references.
650 #0 - SUBJECT ADDED ENTRY--TOPICAL TERM
Topical term or geographic name entry element Missions.
9 (RLIN) 885
650 #0 - SUBJECT ADDED ENTRY--TOPICAL TERM
Topical term or geographic name entry element Church.
9 (RLIN) 263
650 #0 - SUBJECT ADDED ENTRY--TOPICAL TERM
Topical term or geographic name entry element Missions
General subdivision Theory.
9 (RLIN) 48
942 ## - ADDED ENTRY ELEMENTS (KOHA)
Source of classification or shelving scheme Dewey Decimal Classification
Koha item type Books
Koha issues (borrowed), all copies 3
Holdings
Withdrawn status Lost status Source of classification or shelving scheme Damaged status Not for loan Home library Current Library Shelving location Date acquired Total checkouts Total renewals Full call number Barcode Date last seen Date last checked out Copy number Price effective from Koha item type
    Dewey Decimal Classification     GRACE BIBLE COLLEGE GRACE BIBLE COLLEGE Ministry & Mission 2017-05-25 3 1 266.001 MIL 002282 2025-05-01 2024-03-04 c.1 2017-05-25 Books
© Grace Bible College Library 2025